[Event "Open B Gorges"]
[Site "?"]
[Date "2018.07.08"]
[Round "4"]
[White "KERVADEC, Jean"]
[Black "KOLLAR, Guillaume"]
[Result "0-1"]
[WhiteElo "1502"]
[BlackElo "1493"]
[PlyCount "96"]

1. d4 c5 2. dxc5 Na6 3. e4 Nxc5 4. Nc3 g6 5. Bc4 Bg7 6. Qf3 e6 7. Be3 Qa5 8.
Nge2 Na6 9. O-O Nb4 10. Bb3 Ne7 11. Bd4 O-O 12. Bxg7 Kxg7 13. Ng3 b6 14. e5
Ned5 15. Nce4 Bb7 16. h4 Nc6 17. Bxd5 Qxd5 18. Qf6+ Kg8 19. Nh5 Qxe5 20. Qxe5
Nxe5 21. Nhf6+ Kg7 22. Rad1 Bxe4 23. Nxe4 d5 24. Nd6 Rad8 25. Nb5 Rc8 26. Nd4
Nc6 27. c3 Nxd4 28. Rxd4 Rc4 29. Rfd1 Rfc8 30. Kf1 Rxd4 31. Rxd4 Rc4 32. Ke2
Kf6 33. Ke3 Kf5 34. g4+ Ke5 35. f4+ Kd6 36. Kd3 b5 37. b3 Rxd4+ 38. Kxd4 f6 39.
c4 e5+ 40. fxe5+ fxe5+ 41. Kc3 bxc4 42. bxc4 d4+ 43. Kd3 Kc5 44. a3 e4+ 45.
Kxe4 Kxc4 46. Kf3 d3 47. Kf2 Kc3 48. Ke1 Kc2 0-1

[Event "Open B Gorges"]
[Site "?"]
[Date "2018.07.08"]
[Round "4"]
[White "BRECHETEAU, Paul"]
[Black "MARTINI, Lionel"]
[Result "1-0"]
[WhiteElo "1662"]
[BlackElo "1403"]
[PlyCount "69"]

1. e4 e6 2. d4 d5 3. exd5 exd5 4. Bd3 Nc6 5. Ne2 Bg4 6. f3 Bh5 7. O-O Bd6 8.
Bf4 Nxd4 9. Bxd6 Nxf3+ 10. gxf3 Qxd6 11. Ng3 Bg6 12. Re1+ Ne7 13. Bxg6 Qc5+ 14.
Kg2 hxg6 15. Qe2 Kd7 16. Nc3 Rae8 17. Rad1 c6 18. Nge4 Qb6 19. Ng5 Qc7 20. Kh1
Nf5 21. Qf2 f6 22. Rxe8 Rxe8 23. Nge4 Rh8 24. Nc5+ Kc8 25. Re1 Qb6 26. N3a4 Qa5
27. b3 b5 28. Nb2 Qxa2 29. Nbd3 d4 30. Kg1 Ne3 31. Rxe3 dxe3 32. Qxe3 Qa1+ 33.
Kg2 Kc7 34. Qe7+ Kb6 35. Qb7+ 1-0

[Event "Open B Gorges"]
[Site "?"]
[Date "2018.07.08"]
[Round "4"]
[White "DE LAVALETTE, Philippe"]
[Black "LEBEDEL, Marc"]
[Result "1-0"]
[WhiteElo "1400"]
[BlackElo "1464"]
[PlyCount "121"]
[SourceDate "2018.07.23"]

1. e4 a6 2. Nf3 b5 3. a3 Bb7 4. Nc3 Nf6 5. d3 c5 6. Be2 g6 7. O-O Bg7 8. Rb1
Qc7 9. Re1 e5 10. h3 O-O 11. Bg5 Qd6 12. Qc1 Nc6 13. b3 Ne7 14. Nd1 Qc7 15. Bh4
d5 16. exd5 Nexd5 17. Bg3 Rfe8 18. c4 Nf4 19. Bxf4 exf4 20. Nc3 Bc6 21. Nh2
Rad8 22. Qc2 Qb7 23. Bf3 Nd7 24. Bxc6 Qxc6 25. Nd5 Ne5 26. Rbd1 f3 27. gxf3 Qd7
28. Kg2 Nc6 29. Rxe8+ Rxe8 30. Rd2 Nd4 31. Qd1 Qf5 32. Ne3 Qg5+ 33. Kh1 Qh4 34.
cxb5 axb5 35. Qf1 Bh6 36. b4 cxb4 37. axb4 Qf4 38. Qg2 Qg5 39. Qxg5 Bxg5 40.
Ra2 Rc8 41. Nhg4 Nxf3 42. Nd5 Rc1+ 43. Kg2 Ne1+ 44. Kg3 Nxd3 45. Ndf6+ Bxf6 46.
Nxf6+ Kg7 47. Ne4 Nxb4 48. Rb2 Nd3 49. Rxb5 Rc2 50. f4 Re2 51. Kf3 Re1 52. Rb7
Rf1+ 53. Ke2 Rxf4 54. Kxd3 Rf3+ 55. Kd4 Rxh3 56. Ng5 Rh4+ 57. Ke3 Rh3+ 58. Nxh3
Kf6 59. Kf4 h5 60. Ng5 h4 61. Rxf7# 1-0

[Event "Open B Gorges"]
[Site "?"]
[Date "2018.07.08"]
[Round "4"]
[White "BIENFAIT, Georges"]
[Black "BOUCHER, Daniel"]
[Result "1-0"]
[WhiteElo "1409"]
[BlackElo "1437"]
[PlyCount "155"]
[SourceDate "2018.07.23"]

1. e4 b6 2. d4 Bb7 3. Nc3 e6 4. Nf3 h6 5. Bd3 Nf6 6. O-O Be7 7. Re1 Nc6 8. a3
a6 9. d5 exd5 10. exd5 Na7 11. Bc4 d6 12. Bf4 Qd7 13. Qd2 O-O-O 14. Qe2 Rde8
15. Bxa6 Bd8 16. Bxb7+ Kxb7 17. Qc4 c6 18. dxc6+ Nxc6 19. Nb5 Bc7 20. Nxc7 Qxc7
21. Rad1 Rd8 22. Qd3 Ne8 23. Qb3 g5 24. Be3 f5 25. g3 Nf6 26. Nd4 Nxd4 27. Bxd4
Rhf8 28. Qf3+ Ne4 29. Qb3 d5 30. f3 Nc5 31. Qc3 h5 32. Qe3 f4 33. gxf4 gxf4 34.
Qe5 Qxe5 35. Bxe5 Rf5 36. Bd4 Ne6 37. Kf2 Rg8 38. c3 Ng5 39. h4 Nh3+ 40. Kf1
Ng1 41. Bxg1 Rg3 42. Rd3 Rh3 43. Red1 Rxh4 44. Rxd5 Rf7 45. Rd7+ Rxd7 46. Rxd7+
Kc6 47. Rd4 Rh3 48. Rxf4 h4 49. Kf2 Rg3 50. Rxh4 Rg5 51. Rd4 b5 52. Bh2 Rh5 53.
Kg3 Rg5+ 54. Rg4 Rd5 55. c4 Rd2 56. cxb5+ Kxb5 57. Rb4+ Kc6 58. Bg1 Rd3 59. Bd4
Kd5 60. Kg4 Rd1 61. f4 Ke6 62. Kg5 Rd2 63. Be5 Rg2+ 64. Kh4 Kf5 65. a4 Rg1 66.
b3 Rg2 67. a5 Ra2 68. Ra4 Rc2 69. a6 Rc8 70. a7 Ra8 71. b4 Ke6 72. b5 Kd7 73.
b6 Kc6 74. Bc7 Kb7 75. Rb4 Rf8 76. Rd4 Rh8+ 77. Kg5 Rg8+ 78. Kf6 1-0

[Event "Open B Gorges"]
[Site "?"]
[Date "2018.07.08"]
[Round "5"]
[White "RINEAU, Nathan"]
[Black "LE BAUT, Daniel"]
[Result "1-0"]
[WhiteElo "1635"]
[BlackElo "1509"]
[PlyCount "49"]
[SourceDate "2018.07.23"]

1. c4 e5 2. g3 Nf6 3. Bg2 c6 4. d4 exd4 5. Qxd4 Be7 6. Nc3 O-O 7. Nf3 d6 8. b3
a5 9. Bb2 Na6 10. Rd1 Nb4 11. O-O Rb8 12. a3 c5 13. Qf4 Nc6 14. Nb5 Ne8 15. h4
Qb6 16. Nd2 Be6 17. Ne4 Rd8 18. Ng5 Na7 19. Nxe6 fxe6 20. Qg4 Bf6 21. Qxe6+ Kh8
22. Bxf6 Rxf6 23. Qe7 Nxb5 24. cxb5 Rf8 25. Qxf8# 1-0

[Event "Open B Gorges"]
[Site "?"]
[Date "2018.07.08"]
[Round "5"]
[White "ALLARD-NEDELLEC, Guilhem"]
[Black "BOURDEAUX, Angèle"]
[Result "1-0"]
[WhiteElo "1468"]
[BlackElo "1515"]
[PlyCount "107"]
[SourceDate "2018.07.23"]

1. e4 d6 2. d4 Nf6 3. Nc3 g6 4. Be3 Bg7 5. f3 c6 6. Qd2 b5 7. h4 Nbd7 8. g4 Qc7
9. Bh6 Bxh6 10. Qxh6 Bb7 11. h5 O-O-O 12. hxg6 fxg6 13. g5 Nh5 14. Nge2 e5 15.
dxe5 Nxe5 16. Rxh5 gxh5 17. Qxh5 Qf7 18. Qh3+ Kb8 19. f4 Ng6 20. f5 Ne5 21. a3
Rdg8 22. Qg3 Qh5 23. O-O-O Kc7 24. Nf4 Qg4 25. Qe3 Kb8 26. Ne6 Nf7 27. Bh3 Qh5
28. Rg1 Ne5 29. f6 Qf7 30. Bf5 Bc8 31. Qh3 Re8 32. Ng7 Bxf5 33. Qxf5 Rc8 34.
Rd1 Nc4 35. Rd3 Rcf8 36. b3 Nxa3 37. Rxd6 Qc7 38. Qd7 Qxd7 39. Rxd7 Rd8 40.
Rxd8+ Rxd8 41. e5 b4 42. Ne4 Nb5 43. e6 Nc7 44. e7 Rd4 45. f7 Rxe4 46. f8=Q+
Kb7 47. e8=Q Nxe8 48. Nxe8 Rg4 49. Nd6+ Kb6 50. Nc4+ Ka6 51. Qb8 Rxg5 52. Nd6
Rb5 53. Qc8+ Ka5 54. Nc4# 1-0

[Event "Open B Gorges"]
[Site "?"]
[Date "2018.07.08"]
[Round "5"]
[White "KOLLAR, Guillaume"]
[Black "JOUSSET, Jean-Michel"]
[Result "0-1"]
[WhiteElo "1493"]
[BlackElo "1435"]
[PlyCount "104"]
[SourceDate "2018.07.23"]

1. e4 d6 2. d4 Nf6 3. Nc3 g6 4. f3 c6 5. Be3 b5 6. d5 b4 7. Na4 Qa5 8. c3 cxd5
9. cxb4 Qxb4+ 10. Bd2 Qb7 11. exd5 Bg7 12. Bc3 O-O 13. Bc4 Bd7 14. b3 Na6 15.
Ne2 Nc7 16. Nf4 Rab8 17. O-O Bxa4 18. bxa4 Qb6+ 19. Kh1 Qc5 20. Bxf6 Bxf6 21.
Rc1 Na8 22. Bb3 Qb4 23. Nd3 Qh4 24. g3 Qh3 25. Nf2 Qd7 26. Qd2 Rb7 27. Ne4 Bg7
28. Rc6 Qf5 29. Qe2 Nb6 30. g4 Qf4 31. Qd3 Be5 32. Ng3 Qh6 33. Kg2 Nxa4 34.
Bxa4 Rb4 35. Rc4 Rfb8 36. Bb3 a5 37. f4 Bxf4 38. Qe4 Be5 39. Qf3 f6 40. h3 a4
41. Rxb4 Rxb4 42. Bd1 Rd4 43. Ne4 Qc1 44. Bxa4 Qc4 45. Bb3 Qb4 46. Qe2 Rxe4 47.
Qc2 Qb5 48. Qc8+ Kg7 49. Qe6 Re2+ 50. Rf2 Qd3 51. Qxe7+ Kh6 52. Qf8+ Kg5 0-1

[Event "Open B Gorges"]
[Site "?"]
[Date "2018.07.08"]
[Round "5"]
[White "LE LOARER, Hervé"]
[Black "BRECHETEAU, Paul"]
[Result "1-0"]
[WhiteElo "1511"]
[BlackElo "1662"]
[PlyCount "63"]
[SourceDate "2018.07.23"]

1. d4 Nf6 2. Bf4 d6 3. Nc3 Bg4 4. f3 Bh5 5. e4 e6 6. h4 Bg6 7. g4 h6 8. Qd2 d5
9. h5 Bh7 10. g5 hxg5 11. Bxg5 Be7 12. e5 Nfd7 13. f4 c5 14. O-O-O Nc6 15. Nb5
cxd4 16. Nd6+ Kf8 17. Nf3 Be4 18. Nxe4 dxe4 19. Nxd4 Nxd4 20. Bxe7+ Kxe7 21.
Qxd4 Qc7 22. Qxe4 Rac8 23. Rh2 a5 24. Rhd2 Nc5 25. Qh1 a4 26. Qh4+ f6 27. exf6+
gxf6 28. Re1 a3 29. b4 Na4 30. Qh3 Qc3 31. Qxe6+ Kf8 32. Qe7+ 1-0

[Event "Open B Gorges"]
[Site "?"]
[Date "2018.07.08"]
[Round "5"]
[White "DE LAVALETTE, Philippe"]
[Black "FACHE, Jacques"]
[Result "1-0"]
[WhiteElo "1400"]
[BlackElo "1568"]
[PlyCount "123"]
[SourceDate "2018.07.23"]

1. e4 Nf6 2. Nc3 d5 3. e5 Ne4 4. Nxe4 dxe4 5. d4 exd3 6. Qxd3 Qxd3 7. Bxd3 Nc6
8. Nf3 e6 9. a3 b6 10. b4 Bb7 11. Be4 O-O-O 12. O-O Be7 13. Be3 f5 14. exf6
gxf6 15. b5 Na5 16. Bxb7+ Nxb7 17. Nd4 e5 18. Nc6 Rde8 19. Nxa7+ Kb8 20. Nc6+
Ka8 21. a4 Na5 22. Nxa5 bxa5 23. Bd2 Kb7 24. Bxa5 Ra8 25. Bd2 Kb6 26. Rfb1 Bc5
27. a5+ Kb7 28. a6+ Kb6 29. Ba5+ Ka7 30. Bxc7 Bb6 31. Bxb6+ Kxb6 32. Rb3 Rhc8
33. Ra2 Rc5 34. Rab2 Rac8 35. g3 e4 36. Kg2 f5 37. Kh3 R8c7 38. f3 Rc3 39. fxe4
fxe4 40. Kg4 Rxc2 41. Rxc2 Rxc2 42. h4 Rc4 43. Kf4 h5 44. Re3 Kxb5 45. a7 Ra4
46. Rxe4 Rxa7 47. Re5+ Kc6 48. Rxh5 Ra4+ 49. Kf5 Kd7 50. Rh7+ Ke8 51. Rh6 Ra5+
52. Kf6 Ra6+ 53. Kg7 Ra7+ 54. Kg8 Ra3 55. Rg6 Ra1 56. h5 Rf1 57. g4 Rf8+ 58.
Kh7 Rf4 59. Rg7 Rf6 60. Ra7 Rb6 61. g5 Kf8 62. g6 1-0

[Event "Open B Gorges"]
[Site "?"]
[Date "2018.07.08"]
[Round "5"]
[White "LEBEDEL, Marc"]
[Black "NICOLAS, Aurore"]
[Result "0-1"]
[WhiteElo "1464"]
[BlackElo "1394"]
[PlyCount "82"]
[SourceDate "2018.07.23"]

1. c4 b6 2. Nf3 Bb7 3. Nc3 e6 4. g3 Bxf3 5. exf3 c5 6. Bg2 Nc6 7. O-O Nf6 8. d3
Be7 9. Bf4 O-O 10. Re1 Rc8 11. Rb1 Re8 12. b3 a6 13. a4 d5 14. Na2 d4 15. b4
cxb4 16. Nxb4 Nxb4 17. Qd2 a5 18. Bf1 Nh5 19. Be5 Bf6 20. Qb2 Bxe5 21. Rxe5 g6
22. Rbe1 Ng7 23. R1e4 f6 24. Rxd4 Qc7 25. Re1 e5 26. Rde4 Qd7 27. Qb3 Kh8 28.
h4 Qd6 29. Kh2 Qc5 30. Kg1 Nf5 31. Kg2 Nd4 32. Qc3 f5 33. R4e3 Nbc2 34. R3e2
Nxe1+ 35. Rxe1 Kg8 36. Rb1 Qc6 37. Kh2 Nxf3+ 38. Kh3 Qe6 39. Kg2 Nd4 40. Re1
Qc6+ 41. Kh3 Qh1# 0-1

[Event "Open B Gorges"]
[Site "?"]
[Date "2018.07.08"]
[Round "5"]
[White "MARTINI, Lionel"]
[Black "BIENFAIT, Georges"]
[Result "0-1"]
[WhiteElo "1403"]
[BlackElo "1409"]
[PlyCount "70"]
[SourceDate "2018.07.23"]

1. e4 c5 2. Nf3 d6 3. d4 cxd4 4. Nxd4 Nf6 5. Nc3 a6 6. f3 e5 7. Nb3 Be6 8. Be3
Be7 9. Qd2 O-O 10. g4 Nbd7 11. h4 Nxg4 12. fxg4 Bxg4 13. Qg2 Bxh4+ 14. Bf2
Bxf2+ 15. Qxf2 f5 16. Bc4+ Kh8 17. Qh2 h6 18. Be2 Bxe2 19. Qxe2 f4 20. O-O-O
Qg5 21. Qd2 Nb6 22. Rdg1 Qf6 23. Nd5 Nxd5 24. Qxd5 b5 25. Rh5 f3 26. Rf5 Qh4
27. Rxf8+ Rxf8 28. Qxd6 Qf4+ 29. Nd2 Rf6 30. Qd3 f2 31. Rf1 g5 32. Kd1 g4 33.
Qd8+ Rf8 34. Qh4 g3 35. Qh3 Rd8 0-1

[Event "Open B Gorges"]
[Site "?"]
[Date "2018.07.08"]
[Round "5"]
[White "BOUCHER, Daniel"]
[Black "KERVADEC, Jean"]
[Result "0-1"]
[WhiteElo "1437"]
[BlackElo "1502"]
[PlyCount "83"]
[SourceDate "2018.07.23"]

1. e4 e6 2. Nf3 d5 3. Nc3 Nf6 4. exd5 exd5 5. d4 Bb4 6. Bd2 Nc6 7. Qe2+ Qe7 8.
Qxe7+ Nxe7 9. a3 Ba5 10. b4 Bb6 11. Na4 O-O 12. Bd3 Bg4 13. Nxb6 axb6 14. Ne5
Be6 15. O-O Nd7 16. Bf4 Nxe5 17. Bxe5 Rfc8 18. c3 Bf5 19. Be2 Ng6 20. Bg3 c5
21. dxc5 bxc5 22. a4 cxb4 23. cxb4 Rc2 24. Bb5 Rb2 25. Bd6 Nf8 26. a5 Ne6 27.
Rfd1 d4 28. Bd3 Bxd3 29. Rxd3 Rc8 30. Re1 Rcc2 31. Rf3 h6 32. h3 Ng5 33. Rf4 d3
34. Kh2 d2 35. Re8+ Kh7 36. Rd4 Rb1 37. Re2 Rbb2 38. Bf4 d1=Q 39. Rxd1 Rxe2 40.
Bd6 Rxf2 41. Ra1 Rxg2+ 42. Kh1 0-1